MARC details
| 000 -LEADER |
| fixed length control field |
01055nam a2200337 a 4500 |
| 001 - CONTROL NUMBER |
| control field |
vtls000076354 |
| 003 - CONTROL NUMBER IDENTIFIER |
| control field |
NLI |
| 005 - DATE AND TIME OF LATEST TRANSACTION |
| control field |
20210601193540.0 |
| 008 - FIXED-LENGTH DATA ELEMENTS--GENERAL INFORMATION |
| fixed length control field |
101125s1976 ctu 000 0 eng |
| 020 ## - INTERNATIONAL STANDARD BOOK NUMBER |
| International Standard Book Number |
0300019629 : |
| Terms of availability |
PND 9.00 |
| 039 #9 - LEVEL OF BIBLIOGRAPHIC CONTROL AND CODING DETAIL [OBSOLETE] |
| -- |
201011250809 |
| -- |
VLOAD |
| 040 0# - CATALOGING SOURCE |
| Original cataloging agency |
NLI |
| Language of cataloging |
eng |
| Transcribing agency |
Entertech-2003 |
| Description conventions |
AACR2 |
| 041 0# - LANGUAGE CODE |
| Language code of text/sound track or separate title |
eng |
| 044 ## - COUNTRY OF PUBLISHING/PRODUCING ENTITY CODE |
| MARC country code |
ctu |
| 082 04 - DEWEY DECIMAL CLASSIFICATION NUMBER |
| Classification number |
160 |
| 100 1# - MAIN ENTRY--PERSONAL NAME |
| Personal name |
Belnap, Nuel D. , |
| Titles and words associated with a name |
jr., |
| Dates associated with a name |
1930- |
| 9 (RLIN) |
177309 |
| 245 14 - TITLE STATEMENT |
| Title |
The logic of questions and answers / |
| Statement of responsibility, etc. |
Nuel D. Belnap, Jr. and Thomas B. Steel, Jr |
| 260 ## - PUBLICATION, DISTRIBUTION, ETC. |
| Place of publication, distribution, etc. |
New Haven : |
| Name of publisher, distributor, etc. |
Yale University Press, |
| Date of publication, distribution, etc. |
c1976 |
| 300 ## - PHYSICAL DESCRIPTION |
| Extent |
vii, 209 p. ; |
| Dimensions |
21 cm. |
| 504 ## - BIBLIOGRAPHY, ETC. NOTE |
| Bibliography, etc. note |
Bibliography : p. 155-209 |
| 650 #0 - SUBJECT ADDED ENTRY--TOPICAL TERM |
| Topical term or geographic name entry element |
Question (Logic) |
| 9 (RLIN) |
177310 |
| 650 #0 - SUBJECT ADDED ENTRY--TOPICAL TERM |
| Topical term or geographic name entry element |
Question-answering systems |
| 9 (RLIN) |
177311 |
| 650 #0 - SUBJECT ADDED ENTRY--TOPICAL TERM |
| Topical term or geographic name entry element |
Formal languages |
| 9 (RLIN) |
133274 |
| 650 #0 - SUBJECT ADDED ENTRY--TOPICAL TERM |
| Topical term or geographic name entry element |
Philosophy |
| 9 (RLIN) |
160 |
| 700 1# - ADDED ENTRY--PERSONAL NAME |
| Personal name |
Steel, Thomas B. , |
| Titles and other words associated with a name |
jr., |
| Dates associated with a name |
1929-, |
| Relationship |
jt.aut |
| 9 (RLIN) |
177312 |
| 887 ## - NON-MARC INFORMATION FIELD |
| Content of non-MARC field |
|
| 901 ## - LOCAL DATA ELEMENT A, LDA (RLIN) |
| a |
437074 |
| b |
01.09.1977 |
| 902 ## - LOCAL DATA ELEMENT B, LDB (RLIN) |
| a |
E160 B417 |
| 949 ## - LOCAL PROCESSING INFORMATION (OCLC) |
| -- |
VIRTUAITEM |
| -- |
10000 |
| -- |
100 |
| 6 |
PUR000437074ENG |
| 942 ## - ADDED ENTRY ELEMENTS (KOHA) |
| Source of classification or shelving scheme |
Dewey Decimal Classification |
| Koha item type |
Books |